Les sauts en patinage artistique - Statistiques

Statistiques générales
  • Ce quiz a été pris 633 fois
  • Le résultat moyen est 5 sur 6
Statistiques - réponses
Sauts % Correct
Axel
96%
Lutz
79%
Boucle
74%
Flip
72%
Salchow
72%
Boucle piqué
70%
Aucun quiz correspondant
Distribution des résultats
% des personnes avec chaque résultat
Percentile par nombre de réponses
Votre historique - résultats
Vous n’avez pas pris ce quiz